En torno a la justicia: las aportaciones de Aristóteles, el pensamiento español del XVI, J. S. Mill, la fenomenología y Rawls

Tallennettuna:
Bibliografiset tiedot
Päätekijät: Agra Romero, María Xosé (Tekijä), García Soto, Luis (Tekijä), Fernández Herrero, Beatriz (Tekijä), Caruncho Michinel, Cristina (Tekijä), Pintos Peñaranda, María Luz (Tekijä)
Aineistotyyppi: Kirja
Kieli:espanja
Julkaistu: La Coruña Eris 1999
Aiheet:
Tagit: Lisää tagi
Ei tageja, Lisää ensimmäinen tagi!

MARC

LEADER 00000nam a2200000 a 4500
001 UCP6562
003 CL-VaPUC
005 20241127085255.0
008 991029e19990000SP |||||||||||||||||spa|d
999 |c 284071  |d 284069 
040 |c Pontificia Universidad Católica de Valparaíso 
082 0 4 |a 340.11  |b AGR  |2 21 
100 0 |a Agra Romero, María Xosé  |e author  |9 435701 
245 1 0 |a En torno a la justicia: las aportaciones de Aristóteles, el pensamiento español del XVI, J. S. Mill, la fenomenología y Rawls 
260 |a La Coruña  |b Eris  |c 1999 
300 |a 318 p 
583 |a last modification  |c 19991029 00:00:00  |k Rodrigo Vera 
600 0 |a Aristóteles,  |d 384 a.C.- 322 a.C.  |9 194 
600 0 |a Mill, John Stuart,  |d 1806-1873  |9 865734 
600 0 7 |a RAWLS, JOHN  |2 CL-VaPUC  |9 256003 
650 0 |a Justicia   |9 255408 
650 0 |a Historia  |9 255047 
650 7 |a JUSTICIA POLITICA  |2 CL-VaPUC  |9 435706 
651 0 |a América  |9 255182 
700 0 |a García Soto, Luis  |e author  |9 435702 
700 0 |a Fernández Herrero, Beatriz  |e author  |9 435703 
700 0 |a Caruncho Michinel, Cristina  |e author  |9 435704 
700 0 |a Pintos Peñaranda, María Luz  |e author  |9 435705 
942 |c BK  |2 ddc 
945 |d 19991029 00:00:00  |a vberengu 
952 |0 0  |1 0  |4 0  |6 340_110000000000000_AGR_1999  |7 0  |8 DER_TF  |9 327808  |a BIBDER  |b BIBDER  |d 2019-11-20  |i 3572315  |l 1  |o 340.11 AGR 1999  |p 3572315  |r 2020-03-23  |s 2020-03-16  |w 2019-11-20  |x Ubicación 4to Piso  |y BK  |z Estos recursos deben solicitarse con anticipación  |k DER